10k+ Cities in Quebec - Statistics

General Stats
  • This quiz has been taken 54 times
  • The average score is 34 of 113
Answer Stats
City Population % Correct
Montreal 1,875,560
100%
Quebec 578,593
100%
Laval 451,986
90%
Trois-Rivieres 145,226
87%
Gatineau 298,740
82%
Longueuil 262,604
77%
Saguenay 149,727
77%
Sherbrooke 180,936
77%
Saint-Jerome 83,250
69%
Drummondville 83,196
67%
Terrebonne 123,577
67%
Gaspe 15,461
64%
Levis 156,114
64%
Rimouski 50,573
64%
Brossard 95,376
62%
Repentigny 88,542
62%
Saint-Hyacinthe 59,865
59%
Saint-Jean-sur-Richelieu 100,179
59%
Blainville 61,225
56%
Val-d'Or 33,179
56%
Victoriaville 48,862
54%
Shawinigan 51,147
51%
Alma 30,736
49%
Sorel-Tracy 35,896
49%
Granby 70,825
46%
Magog 29,904
44%
Rouyn-Noranda 42,942
44%
Sainte-Therese 26,971
44%
Saint-Eustache 46,506
44%
Saint-Georges 33,699
44%
Joliette 21,917
41%
Mirabel 66,200
41%
Riviere-du-Loup 20,476
41%
Salaberry-de-Valleyfield 44,916
41%
Sept-Iles 24,479
41%
Baie-Comeau 20,753
38%
Boucherville 41,741
38%
Mascouche 54,680
38%
Thetford Mines 26,686
38%
Westmount 19,916
38%
Chateauguay 52,257
36%
Beloeil 24,855
33%
Mont-Tremblant 11,702
33%
Sainte-Julie 30,614
33%
Saint-Lambert 23,289
33%
Chambly 31,758
31%
La Tuque 11,256
31%
Boisbriand 29,270
28%
Dorval 20,190
28%
Vaudreuil-Dorion 45,544
28%
Montmagny 10,997
26%
Amos 12,786
23%
Dolbeau-Mistassini 13,754
23%
Kirkland 19,494
23%
L'Assomption 24,615
23%
Rosemere 14,186
23%
Saint-Sauveur 11,919
23%
Candiac 24,074
21%
Dollard-Des Ormeaux 49,811
21%
La Prairie 26,989
21%
Matane 14,312
21%
Mont-Royal 21,633
21%
Saint-Bruno-de-Montarville 26,616
21%
Saint-Constant 31,301
21%
Saint-Felicien 10,234
21%
Becancour 14,579
18%
Bromont 11,943
18%
Lachute 15,040
18%
Mont-Laurier 14,662
18%
Sainte-Catherine 17,566
18%
Beaconsfield 19,214
15%
Cote-Saint-Luc 37,414
15%
Lavaltrie 15,796
15%
Sainte-Marie 13,425
15%
Saint-Lazare 22,886
15%
Mont-Saint-Hilaire 19,330
13%
Sainte-Adele 14,700
13%
Saint-Lin - Laurentides 26,087
13%
Varennes 21,584
13%
Cowansville 16,340
10%
L'Ancienne-Lorette 17,476
10%
Pointe-Claire 35,145
10%
Prevost 13,956
10%
Saint-Augustin-de-Desmaures 20,693
10%
Saint-Colomban 18,598
10%
Sainte-Sophie 19,090
10%
Carignan 12,320
8%
Farnham 10,902
8%
L'Ile-Perrot 11,723
8%
Marieville 11,745
8%
Pincourt 15,145
8%
Rawdon 12,269
8%
Sainte-Agathe-des-Monts 11,790
8%
Sainte-Anne-des-Plaines 15,798
8%
Beauharnois 14,889
5%
Bois-des-Filion 10,591
5%
Contrecoeur 10,199
5%
Deux-Montagnes 18,420
5%
Saint-Amable 13,926
5%
Saint-Basile-le-Grand 17,330
5%
Sainte-Julienne 12,076
5%
Sainte-Marthe-sur-le-Lac 21,309
5%
Kahnawake 11,163
3%
Les Iles-de-la-Madeleine 12,504
3%
Mercier 15,347
3%
Pont-Rouge 10,989
3%
Saint-Zotique 10,277
3%
Val-des-Monts 14,087
3%
Cantley 12,044
0%
Notre-Dame-de-I'Ile-Perrot 11,740
0%
Saint-Charles-Borromee 16,143
0%
Saint-Hippolyte 11,654
0%
Saint-Raymond 11,571
0%
No matching quizzes found
Score Distribution
Percent of People with Each Score
Percentile by Number Answered
Your Score History
You have not taken this quiz